Moneda y banca
Guardat en:
| Autors principals: | , |
|---|---|
| Format: | Llibre |
| Idioma: | espanyol |
| Publicat: |
Nueva York
Minerva Books
1964
|
| Matèries: | |
| Etiquetes: |
Afegir etiqueta
Sense etiquetes, Sigues el primer a etiquetar aquest registre!
|
MARC
| LEADER | 00000nam a2200000 a 4500 | ||
|---|---|---|---|
| 001 | UCT6135 | ||
| 003 | CL-VaPUC | ||
| 008 | 961230e19640000US |||||||||||||||||spa|d | ||
| 082 | 0 | 4 | |a 332.112 |b SPE |2 21 |
| 100 | 0 | |a Spero, Herbert |e author |9 375952 | |
| 700 | 0 | |a Fernández Cespero, Manuel de J |e author |9 375953 | |
| 245 | 1 | 0 | |a Moneda y banca |
| 300 | |a 250 p | ||
| 942 | |c BK | ||
| 945 | |d 19961230 00:00:00 |a nastorga | ||
| 260 | |a Nueva York |b Minerva Books |c 1964 | ||
| 650 | 0 | |a Dinero |9 314331 | |
| 650 | 0 | |a Bancos |9 254963 | |
| 650 | 0 | |a Finanzas |9 260832 | |
| 650 | 7 | |a SISTEMAS MONETARIOS |2 CL-VaPUC |9 342366 | |
| 650 | 0 | |a Crédito bancario |9 375954 | |
| 650 | 0 | |a Depósito bancario |9 375955 | |
| 650 | 0 | |a Cheques |9 254910 | |
| 650 | 7 | |a PRESTAMOS BANCARIOS |2 CL-VaPUC |9 325760 | |
| 650 | 0 | |a Inversiones |9 261520 | |
| 650 | 0 | |a Precios |9 260787 | |
| 650 | 0 | |a Ahorro |9 351157 | |
| 650 | 0 | |a Bolsa de valores |9 329250 | |
| 650 | 7 | |a FINANCIAMIENTO |2 CL-VaPUC |9 358995 | |
| 650 | 7 | |a POLITICA FINANCIERA |2 CL-VaPUC |9 356280 | |
| 583 | |a last modification |c 19961230 00:00:00 |k Rodrigo Vera | ||
| 999 | |c 254860 |d 254858 | ||
| 952 | |0 0 |1 0 |4 0 |6 332_112000000000000_SPE_1964 |7 0 |8 A |9 276796 |a BIBENE |b BIBENE |d 2019-11-19 |i 3265110 |o 332.112 SPE 1964 |p 3265110 |r 2025-01-15 |w 2019-11-19 |y BK |k ICO | ||